[Event "Pan American-ch U20 Girls"]
[Site "Guayaquil"]
[Date "2018.06.21"]
[Round "5"]
[White "Nunez Giler, Fanny Cecilia"]
[Black "Santacruz Gonzalez, Natalia"]
[Result "0-1"]
[WhiteElo "1578"]
[BlackElo "1487"]
[PlyCount "64"]
[EventDate "2018.06.19"]
[EventType "swiss"]
[EventRounds "9"]
[EventCountry "ECU"]
[SourceTitle "EXT 2019"]
[Source "ChessBase"]
[SourceDate "2018.10.10"]
[SourceVersion "1"]
[SourceVersionDate "2018.10.10"]
[SourceQuality "1"]

1. e4 e5 2. f4 d5 3. exd5 exf4 4. Nf3 Bd6 5. d4 Nf6 6. c4 0-0 7. Be2 Re8 8. 0-0 c5 9. dxc6 Nxc6 10. Nc3 a6 11. c5 Bc7 12. d5 Na7 13. b4 Ne4 14. Nxe4 Rxe4 15. a3 Qf6 16. Rb1 Bg4 17. d6 Bd8 18. Bd3 Re8 19. Re1 Rxe1+ 20. Qxe1 Be6 21. Qe4 Qg6 22. Qxb7 Qxd3 23. Qxa8 Qd1+ 24. Kf2 h6 25. Qxd8+ Kh7 26. Nd2 Nb5 27. d7 Nc3 28. Qg8+ Kg6 29. d8Q Qe2+ 30. Kg1 Qe1+ 31. Nf1 Ne2+ 32. Kh1 Qxf1# 0-1

[Event "South America-ch U20 Girls 13th"]
[Site "Manta"]
[Date "2017.04.29"]
[Round "8"]
[White "Campos Toledo, Andrea Celeste"]
[Black "Santacruz Gonzalez, Natalia"]
[Result "1-0"]
[WhiteElo "1722"]
[BlackElo "1484"]
[PlyCount "91"]
[EventDate "2017.04.25"]
[EventType "swiss"]
[EventRounds "9"]
[EventCountry "ECU"]
[SourceTitle "CBM 178 Extra"]
[Source "ChessBase"]
[SourceDate "2017.06.22"]
[SourceVersion "1"]
[SourceVersionDate "2017.06.22"]
[SourceQuality "1"]

1. e4 e5 2. Nf3 Nc6 3. Bc4 Nf6 4. d3 h6 5. c3 d6 6. b4 Be6 7. Nbd2 d5 8. Bb3 dxe4 9. Nxe4 Bxb3 10. axb3 Nxe4 11. dxe4 Qxd1+ 12. Kxd1 Bd6 13. Ke2 0-0 14. Be3 a6 15. Nd2 b5 16. Ra2 Nb8 17. Rha1 Rc8 18. Bc5 Bxc5 19. bxc5 Kf8 20. b4 Ke7 21. Nf1 Ra7 22. Ne3 Ke6 23. Ra5 c6 24. Nf5 g6 25. Nd6 Rcc7 26. g3 f5 27. f3 f4 28. gxf4 exf4 29. Rg1 g5 30. Nf5 Rh7 31. Raa1 Kf6 32. Rad1 Rhd7 33. Rxd7 Rxd7 34. Nxh6 a5 35. bxa5 Na6 36. Ng4+ Ke6 37. Nf2 Nxc5 38. Rxg5 Nb3 39. Nd3 Rh7 40. Nxf4+ Kd7 41. Nh5 Rh6 42. a6 Kc8 43. f4 Kb8 44. f5 Nc5 45. f6 Ne6 46. f7 1-0

[Event "South America-ch U20 Girls 13th"]
[Site "Manta"]
[Date "2017.04.29"]
[Round "7"]
[White "Santacruz Gonzalez, Natalia"]
[Black "Delgado Tigasi, Andrea"]
[Result "1-0"]
[WhiteElo "1484"]
[BlackElo "1201"]
[PlyCount "87"]
[EventDate "2017.04.25"]
[EventType "swiss"]
[EventRounds "9"]
[EventCountry "ECU"]
[SourceTitle "CBM 178 Extra"]
[Source "ChessBase"]
[SourceDate "2017.06.22"]
[SourceVersion "1"]
[SourceVersionDate "2017.06.22"]
[SourceQuality "1"]

1. e4 e6 2. d4 d5 3. e5 c5 4. c3 Nc6 5. Nf3 Qb6 6. a3 cxd4 7. cxd4 f6 8. exf6 Nxf6 9. b4 a6 10. Nc3 Bd6 11. Be3 0-0 12. Be2 Qc7 13. 0-0 Nxb4 14. axb4 Qxc3 15. Bd2 Qc7 16. b5 Ne4 17. Ba5 b6 18. Be1 a5 19. Rc1 Qe7 20. Ne5 Bxe5 21. dxe5 Bd7 22. f3 Nc5 23. Bf2 Rfc8 24. Bd4 a4 25. f4 Rcb8 26. Ra1 Nb3 27. Ra2 Nxd4 28. Qxd4 Qc5 29. Rd1 Ra5 30. Kh1 Bxb5 31. Bxb5 Qxb5 32. Rb2 Qc6 33. h3 a3 34. Ra2 b5 35. Qb4 Ra4 36. Qb3 b4 37. Rc2 Qa6 38. Ra1 Qb5 39. Rd1 Raa8 40. f5 exf5 41. Rxd5 Qf1+ 42. Kh2 Qf4+ 43. g3 Qg5 44. Rd8# 1-0